00373nam a2200133 a 45000010010000000030011000100080041000210350026000620820014000881000021001022450055001232600043001786500018002210000-8782ELIB.Books110520 1988  a(ELIB.Books)0000-8928 a221 bHin aHinson, David F. aTheology of the Old Testament (O.T Introduction 3) bQuezon City: New Day Publishers c1988 aOld Testament